=LDR 00000nam 2200000 4500 =001 INLIS000000000023065 =005 20130612121746 =008 ***********************************Ind** =035 ##$$0010-061300000023065 =041 ##$$a Ind =082 ##$$a 574.07 =090 ##$$a 574.07, Ide b =100 ##$$a Idel, Antoni =245 ##$$a Buku pintar IPA-biologi untuk SMP, Drs. Antoni Idel =260 ##$$a [s.a] $b Surabaya =300 ##$$a xviii, 174 hlm, 21 cm =650 ##$$a Biologi =850 ##$$a NBPNMAT